000 00607nam a22001937a 4500
005 20251108172507.0
008 250721s9999 xx 000 0 ara d
082 1 4 _a616.21كحك
100 1 _aكحكي، محمد عثمان
245 1 0 _aأمراض الأذن و الأنف و الحنجرة كيف نواجهها? /
264 1 _aالقاهرة :
_bمركز الأهرام للترجمة و النشر،
300 _a199ص
650 1 7 _aأمراض الأذن
650 1 7 _aالجهاز التنفسي
650 1 7 _aالحنجرة
650 1 7 _aالأنف
942 _2ddc
_cBK
999 _c80750
_d80750